Valid Indian city names - Statistics

General Stats
  • This quiz has been taken 24 times
  • The average score is 6 of 17
Answers on the Grid
Answers color-coded by a green-red scale on the quiz's grid according to % correct below.
Kolhapur
Mirpur
Colombo
Coimbatore
Mangalore
Kohima
Dili
Ajmer
Karachi
Raipur
Chittagong
Siliguri
Srinagar
Pokhara
Quetta
Gaya
Kandahar
Meerut
Faisalabad
Leh
Panji
Jaffna
Pune
Gwalior
Cuttuck
Manila
Manali
Sylhet
Thane
Galle
 
Answer Stats
Answer % Correct
Kolhapur
87%
Coimbatore
60%
Mangalore
53%
Srinagar
53%
Raipur
47%
Meerut
40%
Pune
40%
Ajmer
33%
Gwalior
33%
Kohima
27%
Siliguri
27%
Thane
27%
Cuttuck
20%
Gaya
20%
Leh
20%
Manali
13%
Panji
7%
No matching quizzes found
Score Distribution
Percent of People with Each Score
Percentile by Number Answered
Your Score History
You have not taken this quiz